HEART TO HEART/ (Record no. 213195)

MARC details
000 -LEADER
fixed length control field 00554nam a22001937a 4500
005 - DATE AND TIME OF LATEST TRANSACTION
control field 20250828123900.0
010 ## - LCCN (DPL NO)
LC control number ENG-146512
020 ## - INTERNATIONAL STANDARD BOOK NUMBER
Terms of availability 450.00
International Standard Book Number 978-81-95094-29-5
035 ## - SYSTEM CONTROL NUMBER
System control number EN-130044
037 ## - SOURCE OF ACQUISITION
Source of stock number/acquisition DBAD
082 ## - DEWEY DECIMAL CLASSIFICATION NUMBER
Classification number N
100 ## - MAIN ENTRY--PERSONAL NAME
Personal name DAI LUMMER
245 ## - TITLE STATEMENT
Title HEART TO HEART/
Statement of responsibility, etc LUMMER DAI
260 ## - PUBLICATION, DISTRIBUTION, ETC. (IMPRINT)
Name of publisher, distributor, etc purbanchal prakash
Place of publication, distribution, etc guwahati
Date of publication, distribution, etc 2021
270 ## - ADDRESS
Address h.no.-2, sewjee path, dr. b.n. saikia path, wireless, guwahati-6
City guwahati
300 ## - PHYSICAL DESCRIPTION
Extent 176p.
Dimensions 22cm(hb)
700 ## - ADDED ENTRY--PERSONAL NAME
Personal name thongchi, yashe dorjee
9 (RLIN) 84421
942 ## - ADDED ENTRY ELEMENTS (KOHA)
Source of classification or shelving scheme Dewey Decimal Classification
Item type English Books
Classification part N
Call number suffix dai
Holdings
Withdrawn status Lost status Not for loan Collection code Home library Current library Date acquired Source of acquisition Cost, normal purchase price Full call number Barcode Copy number Cost, replacement price Koha item type
    Not For Loan Fiction D.B.Act.Division D.B.Act.Division 28/08/2025 DBAD 450.00 N dai EN-130044 1 450.00 English Books

© Delhi Public Library
Hit Counter
free hit counter